000 00680nam a22002177a 4500
999 _c15090
_d15090
003 AR-CdUCM
008 190425b ||||| |||| 00| 0 spa d
040 _aMUNICIPALIDAD PROVINCIAL DEL CUSCO
_cBIBLIOTECA MUNICIPAL DEL CUSCO
041 _heng
082 _aC / 985.61 /
_bS77
100 _aSquier, E. George
_950247
245 _aCuzco la ciudad de sol /
260 _aCuzco :
_bCusco Imperial,
_c1935.
300 _a94 páginas.:
_c17 cm.
505 _aCusco la ciudad del Sol -- Sacsahuaman -- Sajsahuaman -- Enterramiento de muyucmarca...
650 _aSquier.
_934110
650 _aViajero.
_9385
650 _aGrabados.
_921301
942 _2ddc
_cLIBROS
945 _awfj